Score 0/10 Timer 05:00
0 Plays Today
Worth % Correct
£1.06BnCoca Cola
90.4%
£418.3mCadbury
87.3%
£590.9mWalkers
86.7%
£426.1mHovis
75.9%
£353.7mAndrex
74.1%
£384.9mNescafe
72.3%
£742.4mWarburtons
64.5%
£389.9mKingsmill
50%
£314.8mRobinsons
30.1%
£370.1mLucozade
22.9%
Remove Ads.
Support Sporcle.
Get the best of Sporcle when you Go Orange. This ad-free experience offers more features, more stats, and more fun while also helping to support Sporcle. Thank you for becoming a member.

You're not logged in!

Compare scores with friends on all Sporcle quizzes.
OR
Log In

Sporcle TV

Today on Sporcle TV


Watch our educational content, quiz creation guides, and fun videos on Sporcle TV.

Show Comments

Extras

Top Quizzes Today


Score Distribution

Paid Content

Your Account Isn't Verified!

In order to create a playlist on Sporcle, you need to verify the email address you used during registration. Go to your Sporcle Settings to finish the process.

Report this User

Report this user for behavior that violates our Community Guidelines.

Details: